000 00640nam a2200241 i 4500
001 C2-0305650
003 PPAK
005 20180728090956.0
008 100829s1987 my |||| ||||| | may d
020 _a9839574000
040 _aPPAK
_beng
_cPPAK
_erda
082 0 4 _a899.231
_223
090 0 0 _a899.231
_bMAL
_dKIH
100 0 _aMalim gozali pk,
_eauthor
245 1 0 _aGemaruang
_bAntologi puisi
264 1 _aSelangor :
_bOen industries ,
_c1987
300 _aviii, 61 pages ;
_c21 cm
336 _2rdacontent
_atext
337 _2rdamedia
_aunmediated
338 _2rdacarrier
_avolume
650 1 0 _aMalay poetry
942 _ddc
_cB
999 _c108644
_d108644